00550nam a22001575i 4500001000700000003000900007005001700016008004100033040002000074100003400094245008500128260008600213300002700299700003200326852003400358165996ES-MaACL20251015063149.0050914s1910 fr | |||||||| ||fre d aCAM bspa cCAM1 aTaine, Hippolyte, d1828-189310aÉtienne Mayran b: fragments / cH. Taine; avec une préface de Paul Bourget. aParis : bLibrairie Hachette et Cie., c1910 (eCoulommiers :fImp. Paul Brodard) a234, [1] p. ; c19 cm.1 aBourget, Paul (d1852-1935) aES-MaACLjD-1992 z-- Rúst.